| 000 | 00323nam a22001337a 4500 | ||
|---|---|---|---|
| 082 |
_a894.812.3 _bCHA/P |
||
| 100 | _aC HANDRAN, SUBHASH | ||
| 245 | _aPANAVUM ARPANAVUM | ||
| 246 |
_aPANAVUM ARPANAVUM _bPANAVUM ARPANAVUM |
||
| 260 |
_aKOZHIKODU _bMATHRUBHUMI _c2018 |
||
| 300 | _a88 | ||
| 650 | _aMALAYALAM STORY | ||
| 942 | _cBK | ||
| 999 |
_c9116 _d9116 |
||